logo

Bir Sreshtho Munshi Abdur Rouf Library
Jhenaidah Cadet College

The French Revolution and Napoleon : (Record no. 9916)

MARC details
000 -LEADER
fixed length control field 01136cam a2200325 a 4500
001 - CONTROL NUMBER
JCCL Control Number 9916
003 - CONTROL NUMBER IDENTIFIER
JCCL marc code BD-JhCC
005 - DATE AND TIME OF LATEST TRANSACTION
control field 20180403121722.0
008 - FIXED-LENGTH DATA ELEMENTS--GENERAL INFORMATION
fixed length control field 180403s1989 nyua b 001 0deng
020 ## - INTERNATIONAL STANDARD BOOK NUMBER
International Standard Book Number 0816020906 (alk. paper)
035 ## - SYSTEM CONTROL NUMBER
system control number (BD-JhCC)9916
040 ## - CATALOGING SOURCE
Original cataloging agency DLC
Transcribing agency DLC
Modifying agency DLC
-- BD-JhCC
041 ## - LANGUAGE CODE
Language code of Book eng
050 00 - LIBRARY OF CONGRESS CALL NUMBER
Classification number DC148
Item number .K56 1989
082 00 - DEWEY DECIMAL CLASSIFICATION NUMBER
Classification number 944.04
DDC Edition number 20
Author mark and Year KIR 1989
100 1# - MAIN ENTRY--PERSONAL NAME
Personal name Kirchberger, Joe H.
245 14 - TITLE STATEMENT
Title The French Revolution and Napoleon :
Remainder of title an eyewitness history /
Statement of responsibility, etc Joe H. Kirchberger.
260 ## - PUBLICATION, DISTRIBUTION, ETC. (IMPRINT)
Place of publication, distribution, etc New York, NY, USA :
Name of publisher, distributor, etc Facts on File,
Date of publication, distribution, etc c1989.
300 ## - PHYSICAL DESCRIPTION
Pagination xxiii, 376 p. :
Other physical details ill. ;
Dimensions 29 cm.
440 #4 -
Title The Eyewitness history series
500 ## - GENERAL NOTE
General note Includes index.
504 ## - BIBLIOGRAPHY, ETC. NOTE
Bibliography, etc Bibliography: p. 357-368.
600 00 - SUBJECT ADDED ENTRY--PERSONAL NAME
Personal name Napoleon
Titles and other words associated with a name Emperor of the French,
Dates associated with a name 1769-1821
General subdivision Contemporaries.
651 #0 - SUBJECT ADDED ENTRY--GEOGRAPHIC NAME
Geographic name France
General subdivision History
Chronological subdivision Revolution, 1789-1799.
651 #0 - SUBJECT ADDED ENTRY--GEOGRAPHIC NAME
Geographic name France
General subdivision History
Chronological subdivision Revolution, 1789-1799
General subdivision Sources.
651 #0 - SUBJECT ADDED ENTRY--GEOGRAPHIC NAME
Geographic name France
General subdivision History
Chronological subdivision Consulate and First Empire, 1799-1815
General subdivision Sources.
651 #0 - SUBJECT ADDED ENTRY--GEOGRAPHIC NAME
Geographic name France
General subdivision History
Chronological subdivision Revolution, 1789-1799
General subdivision Personal narratives.
942 ## - ADDED ENTRY ELEMENTS (KOHA)
Source of classification or shelving scheme Dewey Decimal Classification
Koha item type Books
Holdings
Source of classification or shelving scheme Damaged status Not for loan Home library Current library Shelving location Date of accession Total Checkouts Full call number Barcode Date last seen Copy number Koha item type
Dewey Decimal Classification     JCC Rouf Library JCC Rouf Library General Stacks 04/03/2018   944.04 KIR 1989 13316 04/03/2018 C-1 Books

JCC Library | Contacts | JCC Home

Last Update on 23 September 2017
Copyright @ 2017-2020 JCC Rouf Library
Rouf Library, Jhenidah Cadet College (JCC), Bangladesh